Ekonomie sbírka řešených otázek a příkladů

Enregistré dans:
Détails bibliographiques
Auteur principal: Holman, Robert
Format: Livre
Langue:tchèque
Publié: Praha C. H. Beck 2012
Édition:5. vyd.
Collection:Beckovy ekonomické učebnice
Sujets:
Tags: Ajouter un tag
Pas de tags, Soyez le premier à ajouter un tag!

MARC

LEADER 00000nam a2200000 4500
001 0160146
005 20240314080308.2
020 |a 978-80-7179-333-5 
041 0 |a cze 
044 |a CZ 
245 1 0 |a Ekonomie  |b sbírka řešených otázek a příkladů  |c Robert Holman 
250 |a 5. vyd. 
264 1 |a Praha  |b C. H. Beck  |c 2012 
300 |a 155 s. 
490 1 |a Beckovy ekonomické učebnice 
830 0 |a Beckovy ekonomické učebnice 
610 2 0 |a ekonómia 
610 2 0 |a veda ekonomická 
610 2 0 |a politika hospodárska 
100 1 |a Holman, Robert